1960s Surnames Quiz Stats

Quiz Updated Feb 22, 2016

Also try: 1970s Surnames
Challenge
Share
Tweet
Embed
Score 0/50 Timer 05:00
6 Plays Today
% Correct
Obama
95.1%
Rowling
94.6%
Clooney
94.2%
Bullock
94%
Carrey
93.8%
Murphy
93.7%
Crow
91.8%
Cox
90.9%
O'Donnell
90.3%
Stiller
90%
Brockovich
88.1%
Boyle
87.9%
Flockhart
86.7%
Jordan
84.5%
Rodman
84.5%
Gretzky
83.4%
Cheadle
81.7%
Colbert
81.5%
Comaneci
80.9%
Love
78.2%
Austin
75.1%
Rock
74.6%
Lynch
72.8%
Elway
70.7%
Flay
70.6%
% Correct
Binoche
70.3%
Witt
68.8%
Beck
67.8%
Thomas
66.5%
Sparks
66.3%
Lendl
65.8%
Testaverde
63.4%
Pennington
63.1%
Blair
58.3%
Marsalis
56.1%
Norton
55.5%
Hutchence
52.2%
Smith
48.2%
Weaving
47.9%
Gwynn
47.2%
Storm
45.5%
Budd
45.1%
Yzerman
38.6%
Linklater
37.4%
Woodson
36.6%
Novoselic
35.6%
Riordan
33.6%
Colfer
25.1%
Chabon
21.4%
Williams
18%

You're not logged in!

Compare scores with friends on all Sporcle quizzes.
Join for Free
OR
Log In

You Might Also Like...

Show Comments

Extras

Top Quizzes Today


Score Distribution

Your Account Isn't Verified!

In order to create a playlist on Sporcle, you need to verify the email address you used during registration. Go to your Sporcle Settings to finish the process.

Report this User

Report this user for behavior that violates our Community Guidelines.

Details: